| 000 | 00496nam a22001817a 4500 | ||
|---|---|---|---|
| 003 | OSt | ||
| 005 | 20151201100321.0 | ||
| 008 | 151126s2015 sp ||||| |||| 00| 0 cat d | ||
| 020 | _a9788460671367 | ||
| 040 |
_aCDMR _bcat _cCDMR |
||
| 100 | 1 |
_94606 _aVilallonga, Roser |
|
| 245 |
_a2014 _b: un poble, un país, un anhel _cRoser Vilallonga Tena |
||
| 260 | _c2015. | ||
| 300 | _a256 p. | ||
| 650 | 0 | 4 |
_91270 _aFotoperiodisme |
| 651 | 0 | 4 |
_94609 _aCatalunya _xPolítica i govern _yS.XXI |
| 942 |
_2udc _cMON |
||
| 999 |
_c6904 _d6904 |
||